000
00296nam a2200133Ia 4500
008
220524s9999 xx 000 0 und d
041
_a
eng
082
_a
---
100
_a
Ed. By R.P.Arya
_9
6100
245
_a
Railway Allan and Time Table
260
_b
-
650
_a
Genral
_9
6101
906
_a
298
999
_c
6683
_d
6683